|
|
|
|
| LEADER |
01109nam a2200277 a 4500 |
| 001 |
c000300915 |
| 003 |
CARM |
| 005 |
20061111052230.0 |
| 008 |
920723s1951 xnaa 00000deng d |
| 019 |
1 |
|
|a 11748029
|z 27986807
|z 26489962
|z 54030756
|z 57407836
|5 LACONCORD2021
|
| 035 |
|
|
|a (OCoLC)1578102
|5 LACONCORD2021
|
| 040 |
|
|
|d VU
|
| 043 |
|
|
|a u-atc--
|
| 082 |
0 |
4 |
|a 759.994
|2 21
|
| 100 |
1 |
|
|a Battarbee, Rex,
|d 1898-1973.
|
| 245 |
1 |
0 |
|a Modern Australian aboriginal art /
|c by Rex Battarbee.
|
| 260 |
|
|
|a Sydney :
|b Angus and Robertson,
|c 1951.
|
| 300 |
|
|
|a 55 p., [33] leaves of plates :
|b ill. (21 col.) ;
|c 29 cm.
|
| 650 |
|
0 |
|a Aboriginal Australians
|z Australia, Central
|x Painting.
|
| 650 |
|
0 |
|a Aranda (Australian people)
|x Painting
|
| 650 |
|
0 |
|a Art, Aboriginal Australian.
|
| 650 |
|
0 |
|a Art, Australian
|x Aboriginal artists.
|
| 650 |
|
0 |
|a Painting
|z Australia, Central.
|
| 852 |
8 |
|
|b CARM
|h A3:AL33D0
|i E02119
|p 0549997
|f BK
|
| 999 |
f |
f |
|i ec3484e7-6886-5739-9a2d-c49da8783298
|s cc44b01f-4f9d-55b6-a77a-cb85741be7e6
|
| 952 |
f |
f |
|p Can circulate
|a CAVAL
|b CAVAL
|c CAVAL
|d CARM 1 Store
|e E02119
|f A3:AL33D0
|h Other scheme
|i book
|m 0549997
|